Categorical data analysis /

Guardado en:
Autor Principal: Agresti, Alan.
Formato: Libro
Idioma:English
Publicado: New York : Wiley, c1990.
Series:Wiley series in probability and mathematical statistics. Applied probability and statistics
Materias:
Etiquetas: Agregar Etiqueta
Sin Etiquetas, Sea el primero en etiquetar este registro!
LEADER 01329pam a2200241 a 4500
001 MAT.inmabb003459
008 890831s1990####nyua#####b####001#0#eng##
005 20130226122520.0
245 1 0 |a Categorical data analysis /  |c Alan Agresti. 
260 |a New York :  |b Wiley,  |c c1990. 
300 |a xv, 558 p. :  |b il. ;  |c 24 cm. 
440 0 |a Wiley series in probability and mathematical statistics.  |p Applied probability and statistics 
500 |a "A Wiley-Interscience publication." 
504 |a Incluye referencias bibliográficas (p. 508-540) e índices. 
505 0 |a 1. Introduction -- 2. Describing two-way contingency tables -- 3. Inference for two-way contingency tables -- 4. Models for binary response variables -- 5. Loglinear models -- 6. Fitting loglinear and logit models -- 7. Building and applying loglinear models -- 8. Loglinear-logit models for ordinal variables -- 9. Multinomial response models -- 10. Models for matched pairs -- 11. Analyzing repeated categorical response data -- 12. Asymptotic theory for parametric models -- 13. Estimation theory for parametric models. 
510 4 |a MR,  |c 91k:62055 
020 |a 0471853011 
100 1 |a Agresti, Alan. 
650 0 |a Multivariate analysis. 
084 |a 62H17  |2 msc2000 
010 |a  89022645  
040 |a DLC  |c DLC  |d DLC 
859 |h 62  |i Ag277  |p A-6863  |b BIB. MATEMATICA